Normal view MARC view
  • İş yaratma

Entry Topical Term

Number of records used in: 1

001 - CONTROL NUMBER

  • control field: 120318

003 - CONTROL NUMBER IDENTIFIER

  • control field: TR-AnTOB

005 - DATE AND TIME OF LATEST TRANSACTION

  • control field: 20180808091502.0

008 - FIXED-LENGTH DATA ELEMENTS

  • fixed length control field: 180611n|eacannbab| |a aaa

024 7# - OTHER STANDARD IDENTIFIER

  • Source of number or code: uri
  • Standard number or code: http://koha.etu.edu.tr:8080/cgi-bin/koha/authorities/authorities.pl?authid=120318

035 ## - SYSTEM CONTROL NUMBER

  • System control number: (TR-AnTOB)120318

040 ## - CATALOGING SOURCE

  • Original cataloging agency: TR-AnTOB

053 #0 - LC CLASSIFICATION NUMBER

  • Classification number element--single number or beginning number of span: HD5713.3

150 ## - HEADING--TOPICAL TERM

  • Topical term or geographic name entry element: İş yaratma
  • Geographic subdivision: Türkiye

450 ## - SEE FROM TRACING--TOPICAL TERM

  • Topical term or geographic name entry element: Job creation
  • Geographic subdivision: Turkey

450 ## - SEE FROM TRACING--TOPICAL TERM

  • Topical term or geographic name entry element: Employment creation
  • Geographic subdivision: Turkey

550 ## - SEE ALSO FROM TRACING--TOPICAL TERM

  • Control subfield: g
  • Topical term or geographic name entry element: Full employment policies

750 ## - ESTABLISHED HEADING LINKING ENTRY--TOPICAL TERM

  • Authority record control number or standard number: (TR-AnTOB)120317
  • Source of heading or term: etuesh
  • Topical term or geographic name entry element: Job creation
  • Geographic subdivision: Turkey
Devinim Yazılım Eğitim Danışmanlık tarafından Koha'nın orjinal sürümü uyarlanarak geliştirilip kurulmuştur.